[Event "Mechanics' Litowsky TNM; 30/90, SD/30"]
[Site "San Francisco"]
[Date "2011.09.13"]
[Round "7.15"]
[White "James, Charles"]
[Black "Dembling, Arthur"]
[Result "0-1"]
[WhiteElo "1562"]
[BlackElo "1796"]
[PlyCount "91"]
[EventDate "2011.??.??"]

1. d4 Nf6 2. c4 e6 3. Nc3 Bb4 4. Qc2 d5 5. a3 Bxc3+ 6. Qxc3 Ne4 7. Qc2 c5 8. e3
cxd4 9. exd4 Nc6 10. Nf3 Qa5+ 11. Bd2 Nxd2 12. Qxd2 dxc4 13. Bxc4 Qxd2+ 14.
Kxd2 Na5 15. Ba2 O-O 16. Rhd1 Bd7 17. b3 Bc6 18. Ke3 Bd5 19. Rd3 Rac8 20. Ne1
Rc7 21. Kd2 Rfc8 22. f3 Kf8 23. Kd1 Rc3 24. Rxc3 Rxc3 25. Rc1 Rxc1+ 26. Kxc1
Bxb3 27. Bb1 Nc6 28. Be4 Nxd4 29. Bxb7 Ke7 30. Nd3 Kd6 31. Kb2 a5 32. Kc3 e5
33. f4 f6 34. g3 Bd5 35. Bc8 Nb5+ 36. Kb2 e4 37. a4 Na7 38. Ba6 exd3 39. Bxd3
g6 40. Kc3 Nc6 41. h4 f5 42. h5 Be4 43. Be2 Kc5 44. h6 Nd4 45. Bd1 Bf3 46. Kd2
0-1

[Event "Mechanics' Litowsky TNM; 30/90, SD/30"]
[Site "San Francisco"]
[Date "2011.09.27"]
[Round "9.20"]
[White "James, Charles"]
[Black "Macintyre, Brendan"]
[Result "0-1"]
[WhiteElo "1562"]
[BlackElo "1657"]
[PlyCount "73"]
[EventDate "2011.??.??"]

1. d4 d5 2. c4 e6 3. Nc3 Nf6 4. cxd5 exd5 5. Bg5 c6 6. Qc2 Be7 7. f3 Nh5 8.
Bxe7 Qxe7 9. e4 dxe4 10. fxe4 Qh4+ 11. g3 Qe7 12. O-O-O Nf6 13. Bd3 Bg4 14. Re1
h6 15. h3 Bd7 16. Nf3 Na6 17. Bxa6 bxa6 18. Ne5 O-O 19. Na4 Qd6 20. Nxd7 Nxd7
21. Qd3 Rab8 22. Qc3 Rb4 23. b3 Rxd4 24. Rd1 Rxd1+ 25. Rxd1 Qe6 26. Qd4 Nf6 27.
e5 Nd5 28. g4 Qe7 29. Nc5 Qg5+ 30. Kb2 a5 31. Re1 Qh4 32. Rh1 Qg3 33. Ne4 Qg2+
34. Nf2 Qf3 35. Rc1 Nb4 36. Rc3 Qe2+ 37. Kb1 0-1

[Event "Mechanics' Litowsky TNM; 30/90, SD/30"]
[Site "San Francisco"]
[Date "2011.08.23"]
[Round "4.18"]
[White "James, Charles"]
[Black "Newey, Richard"]
[Result "1-0"]
[WhiteElo "1562"]
[BlackElo "1739"]
[PlyCount "135"]
[EventDate "2011.??.??"]

1. d4 d5 2. c4 c6 3. Nc3 Nf6 4. Nf3 Bf5 5. e3 e6 6. Bd3 Bg4 7. h3 Bh5 8. Be2
dxc4 9. a4 Bb4 10. Qc2 Bg6 11. Qd1 b5 12. O-O Qb6 13. Bd2 Nbd7 14. b3 Bxc3 15.
Bxc3 Ne4 16. Bb4 c5 17. dxc5 Ndxc5 18. axb5 Rd8 19. Nd4 e5 20. Ba5 Qb8 21. Bxd8
exd4 22. Bxc4 Qxd8 23. Qxd4 O-O 24. Rxa7 Qb8 25. Rfa1 Nxb3 26. Bxb3 Qxb5 27.
Qd5 Qe2 28. Rf1 h6 29. Bc4 Qc2 30. Ra8 Rxa8 31. Qxa8+ Kh7 32. Qa2 Qxa2 33. Bxa2
Nc3 34. Bc4 Ne4 35. Ra1 Nd6 36. Bd5 Be4 37. Bxe4+ Nxe4 38. Ra7 Kg6 39. f3 Nc5
40. e4 Kf6 41. Kf2 g6 42. Ke3 Ne6 43. f4 Kg7 44. g4 Nc5 45. e5 Ne6 46. f5 gxf5
47. gxf5 Nd8 48. Rd7 Nc6 49. Ke4 Kf8 50. f6 Ke8 51. Rc7 Nd8 52. Kd5 Ne6 53.
Re7+ Kf8 54. Kd6 Ng5 55. h4 Ne4+ 56. Kd7 Nc5+ 57. Kd8 Ne6+ 58. Rxe6 fxe6 59.
Kd7 Kf7 60. h5 Kf8 61. Kxe6 Ke8 62. Kd6 Kf7 63. Kd7 Kf8 64. e6 Kg8 65. e7 Kh7
66. f7 Kg7 67. f8=Q+ Kh7 68. Qf7+ 1-0

[Event "Mechanics' Litowsky TNM; 30/90, SD/30"]
[Site "San Francisco"]
[Date "2011.08.16"]
[Round "3.6"]
[White "Jones, James"]
[Black "Delmonico, Nils"]
[Result "1-0"]
[WhiteElo "2078"]
[BlackElo "1934"]
[PlyCount "45"]
[EventDate "2011.??.??"]

1. e4 e6 2. d4 d5 3. e5 c5 4. Qg4 cxd4 5. Nf3 Nc6 6. Bd3 Bd7 7. O-O Nb4 8. Re1
Nxd3 9. cxd3 Ne7 10. Nbd2 Ng6 11. Nb3 Be7 12. Bd2 Bb5 13. Qxd4 Qb6 14. Qg4 Bxd3
15. h4 h5 16. Qg3 Qd8 17. Ng5 Bc4 18. Nxe6 Bxh4 19. Nxg7+ Kf8 20. Ne6+ fxe6 21.
Qxg6 Qe8 22. Bb4+ Be7 23. Qf6+ 1-0

[Event "Mechanics' Litowsky TNM; 30/90, SD/30"]
[Site "San Francisco"]
[Date "2011.08.23"]
[Round "4.3"]
[White "Jones, James"]
[Black "Gaffagan, Steven"]
[Result "1-0"]
[WhiteElo "2078"]
[BlackElo "2072"]
[PlyCount "101"]
[EventDate "2011.??.??"]

1. e4 c5 2. d4 cxd4 3. c3 Nf6 4. Bc4 e6 5. e5 d5 6. Bd3 Ne4 7. Qg4 Nc6 8. Bxe4
dxe4 9. Qxe4 Qd5 10. Qxd5 exd5 11. Nf3 d3 12. O-O Be7 13. Bf4 Bf5 14. Nbd2 O-O
15. Rad1 Rfd8 16. Nb3 Rac8 17. Ne1 d4 18. c4 Nb4 19. a3 Na6 20. Nxd3 Rxc4 21.
Na5 Rc2 22. Nxb7 Rd5 23. b4 g5 24. Bg3 h5 25. f4 h4 26. Be1 g4 27. Nd6 Bxd6 28.
exd6 h3 29. Rf2 Rxf2 30. Bxf2 Rxd6 31. Ne5 d3 32. Bxa7 f6 33. Nc4 Rd8 34. b5
Be4 35. bxa6 hxg2 36. Be3 Bf3 37. Rb1 Rc8 38. Nd2 Bd5 39. a7 Kf7 40. f5 Rc3 41.
Ra1 Rc2 42. Kf2 Rc8 43. Bf4 Ke7 44. Ke3 Kd7 45. Kxd3 Re8 46. Rc1 Bc6 47. Be3
Rc8 48. Ke2 Kc7 49. Kf2 Kb7 50. Nc4 Ka8 51. Nb6+ 1-0

[Event "Mechanics' Litowsky TNM; 30/90, SD/30"]
[Site "San Francisco"]
[Date "2011.09.20"]
[Round "8.1"]
[White "Jones, James"]
[Black "Lee, Andy"]
[Result "1-0"]
[WhiteElo "2078"]
[BlackElo "2267"]
[PlyCount "61"]
[EventDate "2011.??.??"]

1. e4 e5 2. Bc4 Nf6 3. d4 exd4 (3... Qe7) 4. Nf3 Nc6 5. Nxd4 d6 $6 (5... Nxe4
6. Bxf7+ Kxf7 7. Qh5+ g6 8. Qd5+ Kg7 9. Nxc6 bxc6 10. Qxe4 Qe7) 6. Nxc6 bxc6 7.
e5 Ng4 (7... Nd7) (7... Nd7 8. e6 fxe6 9. Bxe6 Nf6) 8. e6 $1 d5 (8... f5 9. Qf3
) 9. Qxg4 Bxe6 10. Qf3 dxc4 11. Qxc6+ Bd7 12. Qxc4 Be7 13. O-O O-O 14. Bf4 Be6
15. Qe2 Qd4 16. Be5 Qc5 17. Re1 Rab8 18. Nc3 Rb4 19. a3 Rg4 20. Rad1 Qc6 21.
Nd5 $1 Bc5 22. c4 Kh8 (22... Rxc4 23. Bxg7 Kxg7 (23... Bxd5 24. Bxf8 Re4 25.
Qxe4 Bxe4 26. Bxc5 Bxg2 27. Rd8+ Kg7 28. Bd4+ f6 29. Re7+ Kg6 30. Rf8) 24. Qe5+
f6 25. Qxe6) 23. Kh1 Bb6 24. b3 Rg6 25. f3 Re8 26. Qb2 f6 27. Bc3 Rh6 28. Bxf6
gxf6 29. Nxf6 Rxf6 30. Qxf6+ Kg8 31. Re5 1-0

[Event "Mechanics' Litowsky TNM; 30/90, SD/30"]
[Site "San Francisco"]
[Date "2011.09.06"]
[Round "6.4"]
[White "Jones, James"]
[Black "Rumph, Todd"]
[Result "0-1"]
[WhiteElo "2078"]
[BlackElo "2159"]
[PlyCount "52"]
[EventDate "2011.??.??"]

1. e4 c6 2. d4 d5 3. exd5 cxd5 4. c4 Nf6 5. Nc3 g6 6. h3 Bg7 7. Nf3 O-O 8. Bd3
Nc6 9. O-O dxc4 10. Bxc4 Na5 11. Bd3 Be6 12. Re1 Rc8 13. Bg5 Bc4 14. Rc1 Re8
15. Ne5 Bxd3 16. Qxd3 a6 17. Rcd1 Qd6 18. a3 b5 19. Bf4 Qb6 20. Qf3 Nc4 21. Re2
a5 22. Be3 Nxb2 23. Nd5 Nxd5 24. Qxf7+ Kh8 25. Rxb2 Nxe3 26. Qb3 Bxe5 0-1

[Event "Mechanics' Litowsky TNM; 30/90, SD/30"]
[Site "San Francisco"]
[Date "2011.09.06"]
[Round "6.7"]
[White "Krasnov, Steven"]
[Black "Abraham, Renjish"]
[Result "1-0"]
[WhiteElo "1983"]
[BlackElo "1860"]
[PlyCount "73"]
[EventDate "2011.??.??"]

1. c4 e5 2. Nc3 Nf6 3. g3 Nc6 4. Bg2 Bc5 5. e3 O-O 6. a3 a5 7. Nge2 d6 8. d4
exd4 9. exd4 Ba7 10. O-O Re8 11. h3 h6 12. Be3 Bf5 13. Qb3 Qc8 14. Kh2 Ne4 15.
Rad1 Nxc3 16. Nxc3 Bd7 17. Nb5 Bb8 18. Rd2 Nd8 19. Rfd1 c6 20. Nc3 Bc7 21. d5
c5 22. a4 b6 23. Re2 f6 24. Nb5 Nf7 25. Rde1 Rb8 26. Bf4 Qb7 27. Re7 Rbd8 28.
Rxd7 Rxe1 29. Rxc7 Qb8 30. Qc3 Ree8 31. h4 Ne5 32. Bh3 Kf8 33. Qc2 Re7 34. Rxe7
Kxe7 35. Qh7 Kf8 36. Bxe5 fxe5 37. Be6 1-0

[Event "Mechanics' Litowsky TNM; 30/90, SD/30"]
[Site "San Francisco"]
[Date "2011.09.27"]
[Round "9.8"]
[White "Krasnov, Steven"]
[Black "Curto, Wayne"]
[Result "1-0"]
[WhiteElo "1983"]
[BlackElo "1905"]
[PlyCount "56"]
[EventDate "2011.??.??"]

1. c4 c6 2. Nf3 d5 3. e3 Nf6 4. b3 Bf5 5. Bb2 e6 6. Be2 Bd6 7. d3 Nbd7 8. O-O
Qc7 9. cxd5 exd5 10. Nc3 O-O 11. Rc1 Qa5 12. a3 Rae8 13. b4 Qd8 14. Re1 Qb8 15.
h3 a6 16. g4 Bg6 17. g5 Nh5 18. Nd4 Bh2+ 19. Kh1 Ng3+ 20. fxg3 Qxg3 21. Nf3
Rxe3 22. Nxh2 Rfe8 23. Rg1 Qxh3 24. Bg4 Qh4 25. Bxd7 Rxd3 26. Qg4 Qf2 27. Bxe8
Qxb2 28. Bxc6 h5 {B time exp} 1-0

[Event "Mechanics' Litowsky TNM; 30/90, SD/30"]
[Site "San Francisco"]
[Date "2011.08.23"]
[Round "4.6"]
[White "Krasnov, Steven"]
[Black "Drane, Robert"]
[Result "1-0"]
[WhiteElo "1983"]
[BlackElo "1850"]
[PlyCount "43"]
[EventDate "2011.??.??"]

1. c4 f5 2. Nf3 d6 3. d4 Nf6 4. Nc3 e6 5. Qc2 b6 6. Bg5 h6 7. Bxf6 Qxf6 8. e4
Bb7 9. Bd3 g6 10. O-O-O Na6 11. Qa4+ c6 12. c5 Nb8 13. cxd6 fxe4 14. Nxe4 Qf4+
15. Kb1 Nd7 16. Rhe1 Kf7 17. Re3 Kg7 18. g3 Qf7 19. Rde1 c5 20. Neg5 hxg5 21.
Nxg5 Qxf2 22. Qxd7+ 1-0

[Event "Mechanics' LitowskyTNM; 30/90, SD/30"]
[Site "San Francisco"]
[Date "2011.08.02"]
[Round "1"]
[White "Krasnov, Steven"]
[Black "Eytan, David"]
[Result "1-0"]
[WhiteElo "1983"]
[BlackElo "1608"]
[PlyCount "79"]
[EventDate "2011.??.??"]

1. d4 f5 2. c4 Nf6 3. Nc3 e6 4. Nf3 Bb4 5. g3 Bxc3+ 6. bxc3 d6 7. Bg2 O-O 8.
O-O Nc6 9. Ba3 Ne7 10. Qb3 Ne4 11. Rad1 f4 12. Ne1 fxg3 13. Bxe4 gxh2+ 14. Kh1
Nf5 15. Nf3 Nh4 16. Bc1 Nxf3 17. Bxf3 Qh4 18. Qc2 e5 19. Qe4 Qf6 20. dxe5 dxe5
21. Rd5 Bh3 22. Bg2 c6 23. Rxe5 Bxg2+ 24. Kxg2 Rad8 25. Bg5 Qf7 26. Bxd8 Rxd8
27. Rh1 Rf8 28. f3 Qf4 29. Rxh2 h6 30. Qxf4 Rxf4 31. e4 Kf7 32. Kg3 Rf6 33. Rd2
Rg6+ 34. Kf4 Rf6+ 35. Rf5 g5+ 36. Ke5 Rxf5+ 37. Kxf5 Ke7 38. Rh2 Kd6 39. e5+
Kc5 40. e6 1-0

[Event "Mechanics' Litowsky TNM; 30/90, SD/30"]
[Site "San Francisco"]
[Date "2011.09.20"]
[Round "8.4"]
[White "Krasnov, Steven"]
[Black "Goins, Demtrius"]
[Result "0-1"]
[WhiteElo "1983"]
[BlackElo "2084"]
[PlyCount "103"]
[EventDate "2011.??.??"]

1. d4 d5 2. Nf3 Nf6 3. c4 e6 4. Nc3 Be7 5. Bg5 h6 6. Bh4 O-O 7. e3 Nbd7 8. Bd3
b6 9. cxd5 Nxd5 10. Bxe7 Qxe7 11. O-O Bb7 12. Rc1 c5 13. Bb1 Rfd8 14. Nxd5 Bxd5
15. Qd3 Nf6 16. Ne5 cxd4 17. exd4 Rac8 18. Rxc8 Rxc8 19. Ng4 Bb7 20. Re1 Qd8
21. h3 Nxg4 22. hxg4 Qg5 23. Qd1 h5 24. f3 hxg4 25. fxg4 g6 26. Bc2 Qf4 27. Rf1
Qe3+ 28. Rf2 Rc4 29. Qd2 Qxd4 30. Qxd4 Rxd4 31. g5 Rg4 32. Bd3 Rxg5 33. b4 Rg3
34. Bc2 Bd5 35. Kh2 Ra3 36. Bb1 Kg7 37. Re2 f5 38. Kg1 Kf6 39. Kf2 f4 40. Ke1
g5 41. Kf2 Rg3 42. Be4 Bxe4 43. Rxe4 Ra3 44. Re2 Kf5 45. Rd2 g4 46. Rc2 e5 47.
Rd2 e4 48. Rc2 g3+ 49. Ke2 f3+ 50. Kf1 Rd3 51. Ke1 Kf4 52. Rc7 0-1

[Event "Mechanics' Litowsky TNM; 30/90, SD/30"]
[Site "San Francisco"]
[Date "2011.08.16"]
[Round "3.1"]
[White "Lee, Andy"]
[Black "Byambaa, Uyanga"]
[Result "1/2-1/2"]
[WhiteElo "2267"]
[BlackElo "2073"]
[Annotator "Donaldson"]
[PlyCount "120"]
[EventDate "2011.??.??"]

1. e4 d5 2. exd5 Nf6 3. d4 Bg4 4. Nf3 Qxd5 5. Be2 Nc6 6. h3 Bh5 7. O-O O-O-O 8.
c4 Qd7 9. Be3 Bxf3 10. Bxf3 Nxd4 11. Bxd4 Qxd4 12. Qa4 e6 13. Rd1 Qb6 14. Rxd8+
Kxd8 15. Nc3 Bc5 16. Qc2 Ke7 17. Na4 Qa5 18. Bxb7 Rd8 19. Nxc5 Qxc5 20. Bf3 Rd4
21. Rc1 a5 22. Qc3 Nd7 23. Qe3 Rxc4 24. Rxc4 Qxc4 $11 25. Qg5+ Nf6 26. g4 a4
27. b3 axb3 28. axb3 Qc3 $1 29. Kg2 g6 30. h4 Kd6 $17 31. Qf4+ Qe5 32. Qb4+ Qc5
33. Qb8 Ke7 34. Qh8 h5 35. g5 Nd5 36. Qe5 Qd6 37. Qxd6+ Kxd6 $19 38. Kg3 Kc5
39. Be2 Nc3 40. Bc4 Ne4+ 41. Kf4 Kd4 42. Bb5 Nxf2 43. Be8 Nd3+ 44. Kg3 Ne5 45.
Kf4 c5 46. Bb5 Nd3+ 47. Kg3 e5 48. Kf3 e4+ 49. Ke2 Nc1+ 50. Kd1 Nxb3 51. Be8
Ke5 $4 (51... c4 52. Bxf7 Kd3 {and White can resign}) 52. Bxf7 Nd4 53. Bxg6 Nf3
54. Bxe4 Nxh4 55. Bd3 Nf3 $2 (55... Ng2) 56. Be2 Nxg5 57. Bxh5 c4 58. Kc2 Kd4
59. Bg6 Ne4 60. Bxe4 Kxe4 1/2-1/2

[Event "Mechanics' Litowsky TNM; 30/90, SD/30"]
[Site "San Francisco"]
[Date "2011.08.23"]
[Round "4.1"]
[White "Lee, Andy"]
[Black "Manvelyan, Hayk"]
[Result "1-0"]
[WhiteElo "2267"]
[BlackElo "2193"]
[PlyCount "41"]
[EventDate "2011.??.??"]

1. d4 e6 2. c4 f5 3. g3 Nf6 4. Bg2 d5 5. Nh3 c6 6. O-O Bd6 7. Bf4 O-O 8. Nd2
Qe7 9. Bxd6 Qxd6 10. Nf4 Nbd7 11. Qb3 g5 12. Nd3 Ne4 13. Rad1 Kh8 14. Nf3 b6
15. Nfe5 Nxe5 16. Nxe5 Bb7 17. f3 Nf6 18. Qe3 c5 19. Qxg5 cxd4 20. Qf4 $16 dxc4
$4 21. Nf7+ 1-0

[Event "Mechanics' LitowskyTNM; 30/90, SD/30"]
[Site "San Francisco"]
[Date "2011.08.02"]
[Round "1"]
[White "Lee, Andy"]
[Black "Sherwood, Peter"]
[Result "1-0"]
[WhiteElo "2267"]
[BlackElo "1807"]
[PlyCount "111"]
[EventDate "2011.??.??"]

1. e4 c5 2. Nf3 d6 3. c3 Nf6 4. Be2 g6 5. O-O Bg7 6. Re1 O-O 7. Bf1 Nc6 8. h3
Qc7 9. d4 e5 10. d5 Ne7 11. Nxe5 dxe5 12. d6 Qd7 13. dxe7 Qxe7 14. Bc4 Be6 15.
Qb3 Bxc4 16. Qxc4 Rfd8 17. Be3 b6 18. a4 Qb7 19. Bg5 Rd7 20. Na3 Rad8 21. Nc2
h6 22. Bxf6 Bxf6 23. Ne3 Rd2 24. Nd5 Kg7 25. Re2 Rxe2 26. Qxe2 Rd7 27. a5 Bd8
28. axb6 Bxb6 29. Qc4 Qb8 30. g3 Rb7 31. Kg2 Qd8 32. h4 Qd7 33. b3 Qg4 34. Ne3
Qd7 35. Rd1 Qe8 36. h5 Rd7 37. Qb5 Rd8 38. Qxe8 Rxe8 39. hxg6 Kxg6 40. Rd6+ Re6
41. Rxe6+ fxe6 42. Nc4 Kf6 43. Kf3 h5 44. Ke3 Bc7 45. Kd3 Kg5 46. Ne3 h4 47.
gxh4+ Kxh4 48. Kc4 Bb6 49. Kb5 Kg5 50. Nc4 Kf4 51. Nxb6 axb6 52. Kxb6 Kxe4 53.
Kxc5 Kd3 54. c4 e4 55. Kd6 Ke2 56. Ke5 1-0

[Event "Mechanics' Litowsky TNM; 30/90, SD/30"]
[Site "San Francisco"]
[Date "2011.09.13"]
[Round "7.1"]
[White "Lee, Andy"]
[Black "Wong, Russell"]
[Result "1-0"]
[WhiteElo "2267"]
[BlackElo "2202"]
[Annotator "Donaldson"]
[PlyCount "109"]
[EventDate "2011.??.??"]

1. d4 d6 2. e4 g6 3. c4 Bg7 4. Nc3 c5 5. d5 Nf6 6. Be2 O-O 7. Bg5 Nbd7 8. Nf3
b5 9. cxb5 a6 10. a4 axb5 11. axb5 Bb7 12. O-O h6 13. Bf4 Qc7 14. Nd2 Rxa1 15.
Qxa1 Ra8 16. Qc1 Nb6 17. Nc4 Nxc4 18. Bxc4 Kh7 19. Bg3 Nh5 20. Bh4 g5 21. Qd1
Nf4 22. Bg3 Qa5 23. Ne2 Qb4 24. Qc2 Nxe2+ 25. Bxe2 Qxb2 26. Qxb2 Bxb2 27. Rb1
Bd4 28. Kf1 Kg6 29. Bg4 h5 30. Bf5+ Kf6 31. h4 e6 32. hxg5+ Kxg5 33. dxe6 fxe6
34. Bxe6 Bxe4 35. Rd1 Kf6 36. Bc4 Ra4 37. Be2 Bc2 38. Rc1 Ke6 39. Bxh5 Bd3+ 40.
Kg1 (40. Be2 Bxe2+ 41. Kxe2 Rb4 $11) 40... c4 41. Bf4 Rb4 42. Be8 c3 43. Be3
Bxe3 $4 (43... c2 44. Bxd4 Rxd4 {
and White has no way to meet ...Rd4-b4-b1 winning.}) 44. Rxc3 $11 Rb1+ 45. Kh2
Bf4+ 46. g3 Be4 $4 (46... Bxb5 47. Bxb5 Bxg3+ $11) 47. gxf4 Kf5 48. f3 Bb7 49.
Bc6 Bc8 50. Kg3 Rg1+ 51. Kf2 Rg7 52. Be4+ Kxf4 53. Rxc8 Ke5 54. Ke3 d5 55. Rc5
1-0

[Event "Mechanics' Litowsky TNM; 30/90, SD/30"]
[Site "San Francisco"]
[Date "2011.08.09"]
[Round "2.20"]
[White "Lin, Aung"]
[Black "Morgan, Jerry"]
[Result "0-1"]
[WhiteElo "1702"]
[BlackElo "1442"]
[PlyCount "66"]
[EventDate "2011.??.??"]

1. Nf3 f5 2. b3 d6 3. e3 Nf6 4. Bc4 c6 5. O-O d5 6. Be2 Nbd7 7. Bb2 Ng4 8. h3
Nh6 9. Ng5 Nf6 10. f4 Ne4 11. Bh5+ g6 12. Bxg6+ hxg6 13. Bxh8 Nxg5 14. fxg5 Nf7
15. Bb2 e5 16. h4 Qd6 17. Qe2 Qe6 18. a4 Bd7 19. Ba3 O-O-O 20. b4 e4 21. b5 Bg7
22. c3 Ne5 23. Bc5 Rh8 24. g3 Kb8 25. Bd4 Nf3+ 26. Kg2 Be5 27. b6 a6 28. Na3
Kc8 29. Nc2 f4 30. exf4 Qh3+ 31. Kf2 Qh2+ 32. Ke3 Qxg3 33. Rxf3 Bxf4# 0-1

[Event "Mechanics' LitowskyTNM; 30/90, SD/30"]
[Site "San Francisco"]
[Date "2011.08.02"]
[Round "1"]
[White "Litowsky, Daniel"]
[Black "Byambaa, Uyanga"]
[Result "0-1"]
[WhiteElo "1700"]
[BlackElo "2073"]
[PlyCount "32"]
[EventDate "2011.??.??"]

1. e4 d5 2. exd5 Nf6 3. Bc4 Nxd5 4. Qf3 Nf6 5. d3 Nc6 6. Bf4 e5 7. Be3 Bg4 8.
Qg3 Bd6 9. f3 e4 10. Qf2 exf3 11. Nxf3 Bxf3 12. Qxf3 O-O 13. d4 Re8 14. O-O
Bxh2+ 15. Kxh2 Rxe3 16. Qf2 Ng4+ 0-1

[Event "Mechanics' Litowsky TNM; 30/90, SD/30"]
[Site "San Francisco"]
[Date "2011.08.30"]
[Round "5.11"]
[White "Litowsky, Daniel"]
[Black "Curto, Wayne"]
[Result "1/2-1/2"]
[WhiteElo "1700"]
[BlackElo "1905"]
[PlyCount "59"]
[EventDate "2011.??.??"]

1. e4 c6 2. d4 d5 3. Nd2 dxe4 4. Nxe4 Nd7 5. Nf3 Ngf6 6. Bd3 c5 7. Nxc5 Nxc5 8.
dxc5 Qa5+ 9. Bd2 Qxc5 10. O-O e6 11. a3 Be7 12. Re1 O-O 13. Bb4 Qc7 14. Qd2 b6
15. Bxe7 Qxe7 16. Ne5 Bb7 17. Re3 Rad8 18. Rae1 Rd6 19. Qe2 Rfd8 20. h3 Qc7 21.
Rg3 Qc5 22. b4 Qd4 23. Qd2 Ne4 $2 (23... Qh4) 24. Qf4 Nxg3 25. Qxf7+ Kh8 26.
Qxb7 Rf8 27. Nf7+ (27. Nf3 $1 Qf6 28. fxg3) 27... Kg8 28. Nh6+ Kh8 29. Nf7+ Kg8
30. Nh6+ 1/2-1/2

[Event "Mechanics' Litowsky TNM; 30/90, SD/30"]
[Site "San Francisco"]
[Date "2011.08.16"]
[Round "3.11"]
[White "Litowsky, Daniel"]
[Black "Drane, Robert"]
[Result "0-1"]
[WhiteElo "1700"]
[BlackElo "1850"]
[PlyCount "78"]
[EventDate "2011.??.??"]

1. e4 Nf6 2. e5 Nd5 3. c4 Nb6 4. Nc3 d6 5. Nf3 Nc6 6. d4 dxe5 7. d5 Na5 8. Nxe5
e6 9. Qf3 Qf6 10. Qxf6 gxf6 11. Ng4 Bg7 12. Ne3 c6 13. b4 f5 14. Bb2 cxd5 15.
cxd5 f4 16. bxa5 fxe3 17. axb6 exf2+ 18. Kxf2 exd5 19. Bb5+ Bd7 20. Rhe1+ Kd8
21. Bxd7 Kxd7 22. Rad1 axb6 23. Rxd5+ Kc6 24. Rg5 Rhg8 25. Rf5 Bd4+ 26. Kf1
Bxc3 27. Bxc3 Rxa2 28. Re2 Rxe2 29. Kxe2 Rxg2+ 30. Rf2 Rxf2+ 31. Kxf2 Kd5 32.
Ke3 Kc4 33. Kd2 Kb3 34. Bd4 b5 35. Kd3 b4 36. -- b5 37. Be5 Ka2 38. Kc2 b3+ 39.
Kc1 f5 0-1

[Event "Mechanics' Litowsky TNM; 30/90, SD/30"]
[Site "San Francisco"]
[Date "2011.09.27"]
[Round "9.21"]
[White "Litowsky, Daniel"]
[Black "Morgan, Jerry"]
[Result "0-1"]
[WhiteElo "1700"]
[BlackElo "1442"]
[PlyCount "66"]
[EventDate "2011.??.??"]

1. e4 c6 2. Nf3 d5 3. e5 Bg4 4. d4 e6 5. h3 Bh5 6. g4 Bg6 7. Nbd2 c5 8. c4 Nc6
9. Nb3 Nb4 10. Be2 Nc2+ 11. Kf1 Nxa1 12. Nxa1 Be4 13. Rg1 Ne7 14. dxc5 Nc6 15.
Be3 Qc7 16. cxd5 Bxd5 17. a3 Rd8 18. Qc2 Be7 19. g5 O-O 20. Nh2 Qxe5 21. Ng4
Qe4 22. Bd3 Qf3 23. Rg3 Qh1+ 24. Rg1 Qxh3+ 25. Ke1 Bf3 26. Nh6+ Kh8 27. Nb3 Ne5
28. Be2 Bxe2 29. Kxe2 Qf3+ 30. Ke1 Nd3+ 31. Kf1 Nb4 32. Nd2 Qh3+ 33. Ke2 Nxc2
0-1

[Event "Mechanics' Litowsky TNM; 30/90, SD/30"]
[Site "San Francisco"]
[Date "2011.09.20"]
[Round "8.21"]
[White "Macintyre, Brendan"]
[Black "Hilliard, Michael"]
[Result "1-0"]
[WhiteElo "1657"]
[BlackElo "1448"]
[PlyCount "59"]
[EventDate "2011.??.??"]

1. d4 d5 2. c4 e6 3. Nc3 c5 4. e3 cxd4 5. exd4 Bb4 6. Nf3 Nf6 7. Bd2 Nc6 8. a3
Be7 9. Bf4 a6 10. Bd3 Qb6 11. Na4 Qa7 12. c5 O-O 13. O-O Bd7 14. Re1 Bd8 15. b4
b6 16. Qc2 Re8 17. cxb6 Bxb6 18. Nc5 Rac8 19. Be5 Bd8 20. Bxa6 Nxd4 21. Bxd4
Qxa6 22. Ne5 Be7 23. Qd1 Bxc5 24. Bxc5 Ba4 25. Qf3 Red8 26. Be7 Nd7 27. Qxf7+
Kh8 28. Bxd8 Rxd8 29. Qe7 Qb6 30. Nf7+ 1-0

[Event "Mechanics' Litowsky TNM; 30/90, SD/30"]
[Site "San Francisco"]
[Date "2011.08.23"]
[Round "4.21"]
[White "Macintyre, Brendan"]
[Black "Morgan, Jerry"]
[Result "1-0"]
[WhiteElo "1657"]
[BlackElo "1442"]
[PlyCount "101"]
[EventDate "2011.??.??"]

1. d4 d5 2. c4 c6 3. Nc3 dxc4 4. e4 b5 5. Nf3 Bg4 6. Be2 e6 7. O-O Nf6 8. h3
Bxf3 9. Bxf3 a6 10. Bf4 Ra7 11. e5 Nd5 12. Bg3 Rd7 13. Bxd5 cxd5 14. a3 Be7 15.
Qg4 O-O 16. Bf4 Kh8 17. Rfb1 Nc6 18. Bd2 Na5 19. b4 cxb3 20. Be1 Qb6 21. Ne2
Rc8 22. Bxa5 Qxa5 23. Rxb3 Qd2 24. Rg3 Bf8 25. Nf4 Rc2 26. Rf3 Rdc7 27. Nxe6
R2c4 28. Nxc7 Rxc7 29. Qf4 Qxf4 30. Rxf4 Kg8 31. Kf1 Rc3 32. Rf3 Rc4 33. Rd3
Be7 34. Ke2 Bg5 35. Ra2 Kf8 36. g3 Rc1 37. Rb3 Be7 38. Kd3 Rd1+ 39. Rd2 Ra1 40.
Rc2 g5 41. Rcc3 Rd1+ 42. Ke3 h5 43. Rc6 Rh1 44. Rxa6 Rxh3 45. Rxb5 g4 46. Kf4
Rh2 47. Rb2 Kg7 48. Ra7 Bh4 49. gxh4 Rh3 50. e6 Kf6 51. Rxf7+ 1-0

[Event "Mechanics' Litowsky TNM; 30/90, SD/30"]
[Site "San Francisco"]
[Date "2011.08.30"]
[Round "5.14"]
[White "Macintyre, Brendan"]
[Black "Woebcke, Carl"]
[Result "0-1"]
[WhiteElo "1657"]
[BlackElo "1847"]
[PlyCount "118"]
[EventDate "2011.??.??"]

1. d4 d5 2. c4 e6 3. Nc3 Be7 4. Nf3 Nf6 5. Bf4 O-O 6. e3 Nh5 7. Bg3 b6 8. Bd3
f5 9. Be5 Nf6 10. O-O Ne4 11. Rc1 c5 12. Nb5 a6 13. Nc3 Bb7 14. cxd5 exd5 15.
Nd2 Nd7 16. f4 Ndf6 17. Be2 Qe8 18. Ndxe4 dxe4 19. Qb3+ Kh8 20. Qxb6 cxd4 21.
Qxb7 dxc3 22. Rxc3 Nd7 23. Bh5 Qxh5 24. Qxd7 Rf7 25. Rc8+ Rxc8 26. Qxc8+ Rf8
27. Qxa6 Bc5 28. Re1 Qh4 29. g3 Qd8 30. Qc4 Qd2 31. Qc3 Qxc3 32. Bxc3 Rd8 33.
a4 Kg8 34. b4 Rd3 35. bxc5 Rxc3 36. Ra1 Rxc5 37. a5 Kf7 38. a6 Rc8 39. Rb1 Ra8
40. Rb7+ Kf6 41. a7 h6 42. Kf2 g5 43. Ke2 gxf4 44. gxf4 Kg6 45. Kd2 Kh5 46. Kc3
Kg4 47. Rh7 Kf3 48. Kd4 Rd8+ 49. Ke5 Kxe3 50. Rxh6 Kf2 51. Rd6 Ra8 52. Rd2+ Kf3
53. Kd4 Rxa7 54. h4 Rd7+ 55. Kc3 Rxd2 56. Kxd2 Kf2 57. h5 e3+ 58. Kd3 e2 59. h6
e1=Q 0-1

[Event "Mechanics' LitowskyTNM; 30/90, SD/30"]
[Site "San Francisco"]
[Date "2011.08.02"]
[Round "1"]
[White "Manvelyan, Hayk"]
[Black "Campers, Willie"]
[Result "1-0"]
[WhiteElo "2193"]
[BlackElo "1748"]
[PlyCount "51"]
[EventDate "2011.??.??"]

1. e4 e6 2. d4 d5 3. Nc3 Nf6 4. Bg5 Be7 5. e5 Nfd7 6. h4 Nc6 7. Nf3 h6 8. Be3
Nb6 9. Rh3 Nc4 10. Bxc4 dxc4 11. Rg3 Bxh4 12. Rxg7 Be7 13. Qe2 Bf8 14. Rg3 Nb4
15. O-O-O Bd7 16. Rh1 Bc6 17. Ng5 Nd5 18. Nxf7 Nxc3 19. Qh5 Ne2+ 20. Qxe2 Kxf7
21. Qh5+ Ke7 22. Bg5+ hxg5 23. Qxh8 Qxd4 24. Qf6+ Ke8 25. Qxe6+ Kd8 26. Rd1 1-0